000 00263nam a22001217a 4500
008 171010b xxu||||| |||| 00| 0 eng d
041 _aeng
080 _a316
100 _a50
101 _aSOC
245 _aLABOR'S FLAMING YOUTH
_cNORWOOD, S.H
942 _2udc
_cBK
999 _c32902
_d32902